| 000 | 00719nam a22001337a 4500 | ||
|---|---|---|---|
| 040 | _cRUA | ||
| 082 | _aAGR NEA 2022 B1-406 Or. | ||
| 100 | _aNEANG REAKSMEY,នាង រស្មី | ||
| 245 | _aGROWTH AND YIELD VARIABILTY OF TOMATO (Solanum lycopersicum) UNDER THE USE OF MYCORRHIZA,បម្រែបម្រួលការលូតលាស់ និងទិន្នផលនៃដំណាំប៉េងប៉ោះ(Solanum lycopersicum) តាមរយៈការប្រើប្រាស់ផ្សិតMYCORRHIZA | ||
| 260 |
_aphnom penh _brua _c2022 |
||
| 300 |
_aix.20p. _bill. _c29cm. |
||
| 856 | _uhttps://drive.google.com/file/d/1MRhDNZT5GgJU2p6FfOe94OTGbe6COVdk/view?usp=sharing | ||
| 942 | _cAGR | ||
| 999 |
_c24232 _d24232 |
||